[Event "EUCC 2023 - U12"]
[Site "Kouty nad Desnou"]
[Date "2023.08.16"]
[Round "1.1"]
[White "Popzafirov, Danail"]
[Black "Sensoy, Emir"]
[Result "0-1"]
[BlackElo "1416"]
[WhiteElo "1885"]
[LiveChessVersion "1.4.8"]

1. e4 {[%clk 1:30:59]} c5 {[%clk 1:30:54]} 2. Nf3 {[%clk 1:31:25]} d6
{[%clk 1:31:20]} 3. d4 {[%clk 1:31:49]} cxd4 {[%clk 1:31:44]} 4. Nxd4
{[%clk 1:32:15]} Nf6 {[%clk 1:32:01]} 5. Nc3 {[%clk 1:32:38]} g6 {[%clk 1:32:24]}
6. Be3 {[%clk 1:33:03]} Bg7 {[%clk 1:32:46]} 7. Be2 {[%clk 1:33:27]} O-O
{[%clk 1:32:19]} 8. O-O {[%clk 1:33:43]} Nc6 {[%clk 1:31:48]} 9. Nb3
{[%clk 1:33:53]} Bd7 {[%clk 1:30:21]} 10. f4 {[%clk 1:25:40]} Rc8
{[%clk 1:22:24]} 11. Bf3 {[%clk 1:07:20]} a6 {[%clk 1:11:24]} 12. a4
{[%clk 1:04:25]} Qc7 {[%clk 1:02:43]} 13. Kh1 {[%clk 0:49:28]} Be6
{[%clk 0:42:18]} 14. Nd4 {[%clk 0:47:11]} Nxd4 {[%clk 0:40:14]} 15. Bxd4
{[%clk 0:46:57]} Bc4 {[%clk 0:36:27]} 16. Re1 {[%clk 0:45:34]} Rfd8
{[%clk 0:31:31]} 17. a5 {[%clk 0:45:36]} Nd7 {[%clk 0:31:32]} 18. Bxg7
{[%clk 0:37:44]} Kxg7 {[%clk 0:31:51]} 19. Bg4 {[%clk 0:37:21]} e6
{[%clk 0:23:55]} 20. Qd2 {[%clk 0:32:28]} Nf6 {[%clk 0:21:21]} 21. Bf3
{[%clk 0:28:24]} d5 {[%clk 0:20:07]} 22. e5 {[%clk 0:28:19]} Ne4 {[%clk 0:17:48]}
23. Bxe4 {[%clk 0:28:27]} dxe4 {[%clk 0:18:14]} 24. Qe3 {[%clk 0:28:51]} Bd5
{[%clk 0:17:58]} 25. Re2 {[%clk 0:15:26]} Bc4 {[%clk 0:15:43]} 26. Rf2
{[%clk 0:15:32]} Bd5 {[%clk 0:14:43]} 27. Nxe4 Bxe4 {[%clk 0:15:07]} 28. Qxe4
{[%clk 0:06:26]} Qxa5 {[%clk 0:14:22]} 29. Raf1 {[%clk 0:06:06]} Qb6
{[%clk 0:13:03]} 30. b3 {[%clk 0:06:06]} Qxf2 0-1

[Event "EUCC 2023 - U12"]
[Site "Kouty nad Desnou"]
[Date "2023.08.16"]
[Round "1.2"]
[White "Janouskova, Eliska"]
[Black "Dodoi, Matei-Teodor"]
[Result "0-1"]
[BlackElo "1884"]
[WhiteElo "1398"]
[LiveChessVersion "1.4.8"]

1. e4 {[%clk 1:30:57]} c5 {[%clk 1:30:51]} 2. d4 {[%clk 1:31:17]} cxd4
{[%clk 1:31:13]} 3. c3 {[%clk 1:31:44]} dxc3 {[%clk 1:31:29]} 4. Nxc3
{[%clk 1:32:07]} d6 {[%clk 1:31:36]} 5. Nf3 {[%clk 1:31:39]} e6 {[%clk 1:31:11]}
6. Bc4 {[%clk 1:31:13]} a6 {[%clk 1:31:13]} 7. O-O {[%clk 1:28:43]} Be7
{[%clk 1:30:34]} 8. Bf4 {[%clk 1:26:49]} Nc6 {[%clk 1:20:34]} 9. Qe2
{[%clk 1:23:05]} Bd7 {[%clk 1:19:22]} 10. Rfd1 {[%clk 1:20:23]} e5
{[%clk 1:19:38]} 11. Be3 {[%clk 1:15:21]} Nf6 {[%clk 1:19:49]} 12. Bg5
{[%clk 1:09:46]} Bg4 {[%clk 1:11:36]} 13. Bxf6 {[%clk 1:07:23]} Bxf6
{[%clk 1:11:21]} 14. Qd3 {[%clk 1:03:16]} Nd4 {[%clk 1:07:06]} 15. Ne2
{[%clk 0:57:15]} Bxf3 {[%clk 1:02:36]} 16. gxf3 {[%clk 0:55:59]} Nxe2+
{[%clk 0:54:53]} 17. Qxe2 {[%clk 0:56:11]} O-O {[%clk 0:53:49]} 18. Qd3
{[%clk 0:50:26]} Bh4 {[%clk 0:48:27]} 19. Qe3 {[%clk 0:44:24]} Bg5
{[%clk 0:47:24]} 20. Qe1 {[%clk 0:40:22]} Bf4 {[%clk 0:47:26]} 21. Qf1
{[%clk 0:39:55]} Qh4 {[%clk 0:44:06]} 22. Qg2 {[%clk 0:39:39]} Qh6
{[%clk 0:44:07]} 23. Bd5 {[%clk 0:38:37]} Rab8 {[%clk 0:41:21]} 24. Re1
{[%clk 0:30:08]} Kh8 {[%clk 0:41:13]} 25. Re2 {[%clk 0:29:31]} f5
{[%clk 0:40:58]} 26. h3 {[%clk 0:27:34]} Rf6 {[%clk 0:40:48]} 27. Kh1
{[%clk 0:27:43]} Rg6 {[%clk 0:40:00]} 28. Qf1 {[%clk 0:27:54]} Rg5
{[%clk 0:39:24]} 29. Bf7 {[%clk 0:27:12]} g6 {[%clk 0:36:43]} 30. exf5
{[%clk 0:24:18]} Rh5 {[%clk 0:35:16]} 31. fxg6 {[%clk 0:24:02]} Rxh3+
{[%clk 0:35:34]} 0-1

[Event "EUCC 2023 - U12"]
[Site "Kouty nad Desnou"]
[Date "2023.08.16"]
[Round "1.3"]
[White "Muller-Moingt, Bastien"]
[Black "Prochazka, Michal"]
[Result "1/2-1/2"]
[BlackElo "1391"]
[WhiteElo "1858"]
[LiveChessVersion "1.4.8"]

1. e4 {[%clk 1:30:58]} e6 {[%clk 1:30:48]} 2. d4 {[%clk 1:31:22]} d5
{[%clk 1:31:11]} 3. e5 {[%clk 1:31:49]} c5 {[%clk 1:31:27]} 4. c3
{[%clk 1:32:09]} Nc6 {[%clk 1:31:46]} 5. Nf3 {[%clk 1:32:23]} Qb6
{[%clk 1:31:46]} 6. Na3 {[%clk 1:32:06]} cxd4 {[%clk 1:25:32]} 7. cxd4
{[%clk 1:32:12]} Bb4+ {[%clk 1:16:51]} 8. Bd2 {[%clk 1:29:17]} Bxa3
{[%clk 1:15:44]} 9. bxa3 {[%clk 1:29:45]} Nxd4 {[%clk 1:13:49]} 10. Qa4+
{[%clk 1:29:55]} Nc6 {[%clk 1:13:28]} 11. Bd3 {[%clk 1:28:35]} Nge7
{[%clk 1:10:38]} 12. Qg4 {[%clk 1:26:55]} Ng6 {[%clk 1:10:29]} 13. O-O
{[%clk 1:12:48]} Bd7 {[%clk 1:07:40]} 14. Qg5 {[%clk 1:06:03]} Rc8
{[%clk 1:01:05]} 15. h4 {[%clk 1:04:14]} Nd4 {[%clk 0:52:24]} 16. h5
{[%clk 0:54:47]} Nxf3+ {[%clk 0:51:16]} 17. gxf3 {[%clk 0:55:15]} Qd4
{[%clk 0:34:23]} 18. Bxg6 {[%clk 0:53:01]} hxg6 {[%clk 0:31:14]} 19. Bb4
{[%clk 0:53:29]} f6 {[%clk 0:27:07]} 20. Qxg6+ {[%clk 0:53:31]} Kd8
{[%clk 0:26:20]} 21. Be7+ {[%clk 0:38:09]} Kc7 {[%clk 0:15:13]} 22. Bd6+
{[%clk 0:38:06]} Kb6 {[%clk 0:14:31]} 23. Rab1+ {[%clk 0:37:23]} Ka6
{[%clk 0:14:22]} 24. Rb4 {[%clk 0:30:04]} Qc3 {[%clk 0:10:30]} 25. Rfb1
{[%clk 0:19:44]} Bc6 {[%clk 0:09:00]} 26. R4b3 {[%clk 0:17:10]} Qd2
{[%clk 0:07:52]} 27. Rb4 {[%clk 0:13:55]} Qg5+ {[%clk 0:07:09]} 28. Rg4
{[%clk 0:11:15]} 1/2-1/2

[Event "EUCC 2023 - U12"]
[Site "Kouty nad Desnou"]
[Date "2023.08.16"]
[Round "1.4"]
[White "Jakubse, Tamae Severina"]
[Black "Tureshbayev, Anuar"]
[Result "1-0"]
[BlackElo "1826"]
[WhiteElo "1301"]
[LiveChessVersion "1.4.8"]

1. e4 {[%clk 1:30:58]} c6 {[%clk 1:30:53]} 2. d4 {[%clk 1:31:22]} d5
{[%clk 1:31:17]} 3. exd5 {[%clk 1:31:47]} cxd5 {[%clk 1:31:42]} 4. c4
{[%clk 1:32:11]} Nf6 {[%clk 1:32:02]} 5. Nc3 {[%clk 1:32:02]} Nc6
{[%clk 1:32:11]} 6. Nf3 {[%clk 1:31:41]} Bg4 {[%clk 1:32:21]} 7. Be2
{[%clk 1:30:29]} e6 {[%clk 1:29:57]} 8. O-O {[%clk 1:28:19]} Be7 {[%clk 1:28:09]}
9. h3 {[%clk 1:26:46]} Bh5 {[%clk 1:27:42]} 10. Bf4 {[%clk 1:21:25]} O-O
{[%clk 1:25:52]} 11. Qd2 {[%clk 1:16:01]} dxc4 {[%clk 1:24:30]} 12. Rfd1
{[%clk 1:11:52]} Rc8 {[%clk 1:21:16]} 13. Ne5 {[%clk 1:07:46]} Bxe2
{[%clk 1:19:50]} 14. Nxc6 {[%clk 1:05:17]} Rxc6 {[%clk 1:19:53]} 15. Qxe2
{[%clk 1:05:03]} Nd5 {[%clk 1:19:56]} 16. Bg3 {[%clk 1:03:26]} Bd6
{[%clk 1:18:55]} 17. Ne4 {[%clk 0:59:11]} Bxg3 {[%clk 1:18:55]} 18. fxg3
{[%clk 0:57:58]} Nb4 {[%clk 1:17:22]} 19. Nf2 {[%clk 0:54:39]} b5
{[%clk 1:13:40]} 20. a3 {[%clk 0:51:11]} Nd5 {[%clk 1:13:50]} 21. Ne4
{[%clk 0:47:36]} Qb6 {[%clk 1:10:45]} 22. Nc5 {[%clk 0:45:22]} Re8
{[%clk 1:09:07]} 23. Qf2 {[%clk 0:43:04]} Re7 {[%clk 1:07:52]} 24. Rac1
{[%clk 0:37:41]} Qc7 {[%clk 0:59:13]} 25. Qf3 {[%clk 0:32:25]} f5
{[%clk 0:52:03]} 26. Nxe6 {[%clk 0:28:41]} Qd6 {[%clk 0:50:45]} 27. Nc5
{[%clk 0:27:36]} Re3 {[%clk 0:45:32]} 28. Qxf5 {[%clk 0:26:17]} g6
{[%clk 0:41:17]} 29. Qd7 {[%clk 0:22:00]} Qxd7 {[%clk 0:39:43]} 30. Nxd7
{[%clk 0:22:27]} Rxg3 {[%clk 0:40:05]} 31. Rf1 {[%clk 0:20:16]} Rd6
{[%clk 0:38:58]} 32. Nc5 {[%clk 0:19:26]} Rd8 {[%clk 0:34:22]} 33. Rf2
{[%clk 0:16:32]} Re3 {[%clk 0:31:46]} 34. Rcf1 {[%clk 0:16:20]} g5
{[%clk 0:30:06]} 35. Rf5 {[%clk 0:14:35]} h6 {[%clk 0:29:49]} 36. Re5
{[%clk 0:12:51]} Rxe5 {[%clk 0:29:24]} 37. dxe5 {[%clk 0:13:11]} Nf4
{[%clk 0:29:43]} 38. Ne4 {[%clk 0:11:49]} Kg7 {[%clk 0:25:52]} 39. Nd6
{[%clk 0:10:42]} Nd3 {[%clk 0:24:30]} 40. Rf7+ {[%clk 0:10:47]} Kg8
{[%clk 0:24:53]} 41. Rxa7 {[%clk 0:10:23]} Nxe5 {[%clk 0:25:02]} 42. Nxb5
{[%clk 0:10:36]} Rd2 {[%clk 0:24:22]} 43. Ra8+ {[%clk 0:09:37]} Kg7
{[%clk 0:24:40]} 44. Ra7+ {[%clk 0:07:29]} Kf6 {[%clk 0:25:05]} 45. Ra6+
{[%clk 0:07:30]} Kf5 {[%clk 0:25:19]} 46. Rxh6 {[%clk 0:07:02]} Kf4
{[%clk 0:25:06]} 47. Nc3 {[%clk 0:06:42]} Rxb2 {[%clk 0:23:58]} 48. Rf6+
{[%clk 0:06:42]} Ke3 {[%clk 0:21:57]} 49. Nd1+ {[%clk 0:07:00]} Kd4
{[%clk 0:22:22]} 50. Nxb2 c3 {[%clk 0:22:47]} 51. Rf2 {[%clk 0:05:36]} 1-0

[Event "EUCC 2023 - U12"]
[Site "Kouty nad Desnou"]
[Date "2023.08.16"]
[Round "1.5"]
[White "Ochedzan, Filip"]
[Black "Barteckova, Nikol"]
[Result "1-0"]
[BlackElo "1268"]
[WhiteElo "1711"]
[LiveChessVersion "1.4.8"]

1. e4 {[%clk 1:30:55]} c6 {[%clk 1:30:56]} 2. d4 {[%clk 1:31:21]} d5
{[%clk 1:31:22]} 3. Nc3 {[%clk 1:31:28]} dxe4 {[%clk 1:31:46]} 4. Nxe4
{[%clk 1:31:47]} Bf5 {[%clk 1:31:24]} 5. Ng3 {[%clk 1:32:00]} Bg6
{[%clk 1:31:23]} 6. h4 {[%clk 1:32:17]} h6 {[%clk 1:31:33]} 7. Nf3
{[%clk 1:32:37]} Nd7 {[%clk 1:31:45]} 8. h5 {[%clk 1:32:44]} Bh7 {[%clk 1:31:46]}
9. Bd3 {[%clk 1:32:57]} Bxd3 {[%clk 1:31:20]} 10. Qxd3 {[%clk 1:33:15]} Ngf6
{[%clk 1:30:14]} 11. Bd2 {[%clk 1:32:11]} Qc7 {[%clk 1:27:05]} 12. O-O-O
{[%clk 1:32:19]} O-O-O {[%clk 1:23:53]} 13. Qe2 {[%clk 1:30:00]} e6
{[%clk 1:19:21]} 14. Kb1 {[%clk 1:28:27]} Bd6 {[%clk 1:17:28]} 15. Ne4
{[%clk 1:26:52]} Nxe4 {[%clk 1:17:39]} 16. Qxe4 {[%clk 1:27:12]} Nf6
{[%clk 1:17:59]} 17. Qe2 {[%clk 1:26:23]} Kb8 {[%clk 1:04:35]} 18. c4
{[%clk 1:10:47]} c5 {[%clk 0:58:18]} 19. dxc5 {[%clk 1:08:13]} Bxc5
{[%clk 0:52:58]} 20. Bc3 {[%clk 1:05:48]} Rhg8 {[%clk 0:48:45]} 21. Ne5
{[%clk 0:49:32]} Qe7 {[%clk 0:35:34]} 22. f4 {[%clk 0:42:10]} Nd7
{[%clk 0:30:47]} 23. Nxd7+ {[%clk 0:41:01]} Rxd7 {[%clk 0:30:07]} 24. Rxd7
{[%clk 0:36:48]} Qxd7 {[%clk 0:30:24]} 25. Rd1 {[%clk 0:35:38]} Qc6
{[%clk 0:28:19]} 26. Bxg7 {[%clk 0:32:43]} a6 {[%clk 0:21:26]} 27. Be5+
{[%clk 0:32:38]} Ka7 {[%clk 0:21:39]} 28. g4 {[%clk 0:31:50]} Qc8
{[%clk 0:16:52]} 29. g5 {[%clk 0:24:44]} hxg5 {[%clk 0:15:05]} 30. h6
{[%clk 0:24:56]} gxf4 {[%clk 0:10:13]} 31. h7 {[%clk 0:24:56]} Rf8
{[%clk 0:09:18]} 32. Qh5 {[%clk 0:23:25]} f6 {[%clk 0:09:01]} 33. Bxf6
{[%clk 0:23:06]} Qc6 {[%clk 0:06:09]} 34. h8=Q {[%clk 0:22:26]} Qe4+
{[%clk 0:06:06]} 35. Ka1 {[%clk 0:22:44]} Rxh8 {[%clk 0:06:06]} 36. Qxc5+
{[%clk 0:22:34]} 1-0

[Event "EUCC 2023 - U12"]
[Site "Kouty nad Desnou"]
[Date "2023.08.16"]
[Round "1.6"]
[White "Ben Ayed, Rayen"]
[Black "Constantinoiu, Alexandru Ioan"]
[Result "0-1"]
[BlackElo "1687"]
[WhiteElo "1248"]
[LiveChessVersion "1.4.8"]

1. e4 {[%clk 1:30:57]} c5 {[%clk 1:30:51]} 2. Nf3 {[%clk 1:30:57]} d6
{[%clk 1:31:08]} 3. d4 {[%clk 1:31:04]} cxd4 {[%clk 1:31:30]} 4. Nxd4
{[%clk 1:31:25]} Nf6 {[%clk 1:31:53]} 5. Nc3 {[%clk 1:31:46]} a6 {[%clk 1:32:13]}
6. Be3 {[%clk 1:31:06]} e6 {[%clk 1:32:31]} 7. Be2 {[%clk 1:30:02]} Be7
{[%clk 1:32:30]} 8. O-O {[%clk 1:29:08]} O-O {[%clk 1:32:34]} 9. Qd3
{[%clk 1:25:42]} Qc7 {[%clk 1:31:30]} 10. Rad1 {[%clk 1:22:32]} Nc6
{[%clk 1:29:44]} 11. Nxc6 {[%clk 1:21:11]} bxc6 {[%clk 1:29:49]} 12. Bf4
{[%clk 1:20:17]} e5 {[%clk 1:26:28]} 13. Bg5 {[%clk 1:18:50]} Rd8
{[%clk 1:26:24]} 14. Bxf6 {[%clk 1:05:54]} Bxf6 {[%clk 1:26:45]} 15. Qc4
{[%clk 1:04:28]} Qb7 {[%clk 1:18:18]} 16. Qb3 {[%clk 1:00:20]} Qc7
{[%clk 1:17:02]} 17. Qc4 {[%clk 0:59:40]} Bg5 {[%clk 1:16:24]} 18. b3
{[%clk 0:47:38]} Be6 {[%clk 1:15:26]} 19. Qd3 {[%clk 0:46:56]} d5
{[%clk 1:11:50]} 20. Bf3 {[%clk 0:36:01]} d4 {[%clk 1:05:23]} 21. Na4
{[%clk 0:33:52]} c5 {[%clk 1:04:02]} 22. Nb2 {[%clk 0:33:06]} a5 {[%clk 1:01:23]}
23. Nc4 {[%clk 0:32:02]} a4 {[%clk 1:00:51]} 24. Qe2 {[%clk 0:29:32]} axb3
{[%clk 1:00:27]} 25. axb3 {[%clk 0:29:28]} Ra2 {[%clk 0:58:25]} 26. Ra1
{[%clk 0:29:13]} d3 {[%clk 0:57:32]} 27. Qe1 {[%clk 0:21:42]} Rxa1
{[%clk 0:57:08]} 28. Qxa1 {[%clk 0:21:52]} Bxc4 {[%clk 0:57:30]} 29. bxc4
{[%clk 0:21:48]} dxc2 {[%clk 0:57:51]} 30. h3 {[%clk 0:21:21]} c1=Q
{[%clk 0:58:08]} 31. Rxc1 {[%clk 0:21:42]} Bxc1 {[%clk 0:58:31]} 32. Qxc1
{[%clk 0:22:09]} h6 {[%clk 0:58:05]} 33. Kf1 {[%clk 0:22:33]} Qd6
{[%clk 0:58:20]} 34. Ke2 {[%clk 0:22:41]} Qd3+ {[%clk 0:58:21]} 35. Ke1
{[%clk 0:22:52]} Rb8 {[%clk 0:58:29]} 36. Qd2 {[%clk 0:22:07]} Rb1+
{[%clk 0:58:27]} 37. Bd1 {[%clk 0:22:30]} Qxe4+ {[%clk 0:58:44]} 0-1

[Event "EUCC 2023 - U12"]
[Site "Kouty nad Desnou"]
[Date "2023.08.16"]
[Round "1.7"]
[White "Rudlof, Adam"]
[Black "Gailevska, Milana"]
[Result "1-0"]
[BlackElo "1245"]
[WhiteElo "1641"]
[LiveChessVersion "1.4.8"]

1. e4 {[%clk 1:30:56]} e6 {[%clk 1:30:56]} 2. d4 {[%clk 1:30:57]} d5
{[%clk 1:31:14]} 3. Nc3 {[%clk 1:31:18]} dxe4 {[%clk 1:31:21]} 4. Nxe4
{[%clk 1:31:06]} Be7 {[%clk 1:31:38]} 5. Nf3 {[%clk 1:30:43]} Nf6
{[%clk 1:31:59]} 6. Bd3 {[%clk 1:29:39]} Nbd7 {[%clk 1:32:04]} 7. Be3
{[%clk 1:27:51]} Nxe4 {[%clk 1:32:07]} 8. Bxe4 {[%clk 1:28:05]} Nf6
{[%clk 1:32:13]} 9. Bd3 {[%clk 1:27:34]} b6 {[%clk 1:31:10]} 10. Ne5
{[%clk 1:20:39]} O-O {[%clk 1:27:36]} 11. Qe2 {[%clk 1:20:32]} Bb7
{[%clk 1:25:39]} 12. Rg1 {[%clk 1:15:22]} Nd7 {[%clk 1:11:33]} 13. O-O-O
{[%clk 1:10:54]} f5 {[%clk 1:03:25]} 14. Bc4 {[%clk 1:07:17]} Bd5
{[%clk 1:00:57]} 15. Bxd5 {[%clk 1:03:54]} exd5 {[%clk 1:01:10]} 16. Nc6
{[%clk 1:02:53]} Qe8 {[%clk 0:59:25]} 17. Qf3 {[%clk 0:55:31]} Nf6
{[%clk 0:57:26]} 18. Nxe7+ {[%clk 0:54:34]} Qxe7 {[%clk 0:57:46]} 19. Qxf5
{[%clk 0:54:25]} Qd6 {[%clk 0:57:17]} 20. Qh3 {[%clk 0:30:06]} b5
{[%clk 0:50:24]} 21. Qg3 {[%clk 0:27:40]} Qd7 {[%clk 0:49:54]} 22. f3
{[%clk 0:26:37]} a5 {[%clk 0:49:23]} 23. Rge1 {[%clk 0:22:19]} b4
{[%clk 0:47:37]} 24. Kb1 {[%clk 0:12:11]} a4 {[%clk 0:47:35]} 25. Rd3
{[%clk 0:12:12]} Rfb8 {[%clk 0:46:55]} 26. Bg5 {[%clk 0:11:52]} Kh8
{[%clk 0:43:37]} 27. Qh4 {[%clk 0:11:25]} Qf7 {[%clk 0:42:48]} 28. Bxf6
{[%clk 0:09:28]} gxf6 {[%clk 0:42:19]} 29. f4 {[%clk 0:07:41]} b3
{[%clk 0:40:31]} 30. cxb3 {[%clk 0:05:42]} Qg6 {[%clk 0:40:05]} 31. Qh3
{[%clk 0:04:14]} axb3 {[%clk 0:40:05]} 32. a3 {[%clk 0:04:06]} Re8
{[%clk 0:39:39]} 33. Red1 {[%clk 0:02:34]} Re2 {[%clk 0:37:26]} 34. g4
{[%clk 0:02:16]} Qe4 {[%clk 0:36:56]} 35. Qf3 {[%clk 0:02:10]} Re1
{[%clk 0:28:15]} 36. Qxe4 {[%clk 0:01:31]} Rxd1+ {[%clk 0:28:28]} 37. Rxd1
{[%clk 0:01:57]} dxe4 {[%clk 0:28:50]} 38. Re1 {[%clk 0:02:22]} Re8
{[%clk 0:29:15]} 39. Re3 {[%clk 0:02:48]} Kg7 {[%clk 0:26:15]} 40. Kc1
{[%clk 0:01:27]} f5 {[%clk 0:25:54]} 41. gxf5 {[%clk 0:01:33]} Kf6
{[%clk 0:26:15]} 42. Kd2 {[%clk 0:01:52]} Kxf5 {[%clk 0:26:27]} 43. Rxb3
{[%clk 0:02:00]} Kxf4 {[%clk 0:26:33]} 44. a4 {[%clk 0:01:39]} Rd8
{[%clk 0:26:42]} 45. a5 {[%clk 0:01:23]} Rxd4+ {[%clk 0:27:05]} 46. Ke2
{[%clk 0:01:48]} Ra4 {[%clk 0:27:13]} 47. Ra3 {[%clk 0:02:07]} Rb4
{[%clk 0:26:42]} 48. b3 {[%clk 0:02:28]} c5 {[%clk 0:25:27]} 49. a6
{[%clk 0:02:53]} Rb8 {[%clk 0:25:42]} 50. a7 {[%clk 0:03:20]} Ra8
{[%clk 0:26:05]} 51. Kf2 {[%clk 0:02:45]} h5 {[%clk 0:25:59]} 52. Ra4
{[%clk 0:02:04]} h4 {[%clk 0:25:56]} 53. h3 {[%clk 0:01:40]} Ke5 {[%clk 0:22:51]}
54. Ke3 {[%clk 0:02:04]} Kd5 {[%clk 0:22:18]} 55. Ra6 {[%clk 0:01:56]} Ke5
{[%clk 0:21:49]} 56. Ra5 {[%clk 0:02:02]} Kd6 {[%clk 0:20:55]} 57. Kxe4
{[%clk 0:02:25]} Re8+ {[%clk 0:21:12]} 58. Kf4 {[%clk 0:02:34]} Rf8+
{[%clk 0:18:43]} 59. Kg4 {[%clk 0:02:45]} Rg8+ {[%clk 0:19:07]} 60. Kxh4
{[%clk 0:03:06]} Rh8+ {[%clk 0:19:29]} 61. Kg5 {[%clk 0:02:46]} Rg8+
{[%clk 0:19:23]} 62. Kf6 {[%clk 0:02:31]} Rf8+ {[%clk 0:18:44]} 63. Kg7
{[%clk 0:02:52]} Ra8 {[%clk 0:19:11]} 64. h4 {[%clk 0:03:14]} Kc6
{[%clk 0:19:35]} 65. h5 {[%clk 0:03:40]} Kb6 {[%clk 0:19:51]} 66. Ra4
{[%clk 0:04:06]} Rxa7+ {[%clk 0:20:01]} 67. Rxa7 {[%clk 0:04:24]} Kxa7
{[%clk 0:20:30]} 68. h6 {[%clk 0:04:44]} Kb6 {[%clk 0:20:57]} 69. h7
{[%clk 0:05:09]} Kb5 {[%clk 0:21:10]} 70. h8=Q {[%clk 0:05:32]} Kb4
{[%clk 0:21:29]} 71. Qb8+ {[%clk 0:05:54]} Kc3 {[%clk 0:21:31]} 72. Qb5
{[%clk 0:06:12]} 1-0

[Event "EUCC 2023 - U12"]
[Site "Kouty nad Desnou"]
[Date "2023.08.16"]
[Round "1.8"]
[White "Polackova, Eva"]
[Black "Komarek, Tobias"]
[Result "0-1"]
[BlackElo "1633"]
[WhiteElo "1240"]
[LiveChessVersion "1.4.8"]

1. e4 {[%clk 1:30:58]} c5 {[%clk 1:30:48]} 2. Nc3 {[%clk 1:31:20]} g6
{[%clk 1:31:07]} 3. d4 {[%clk 1:30:53]} cxd4 {[%clk 1:31:05]} 4. Qxd4
{[%clk 1:30:44]} Nf6 {[%clk 1:31:30]} 5. Be3 {[%clk 1:30:05]} Nc6
{[%clk 1:31:22]} 6. Qd2 {[%clk 1:29:43]} Bg7 {[%clk 1:31:18]} 7. f3
{[%clk 1:28:04]} O-O {[%clk 1:28:43]} 8. O-O-O {[%clk 1:28:16]} Qa5
{[%clk 1:23:32]} 9. Kb1 {[%clk 1:26:46]} d6 {[%clk 1:15:58]} 10. Nge2
{[%clk 1:25:33]} Bd7 {[%clk 1:09:35]} 11. Bh6 {[%clk 1:22:35]} b5
{[%clk 0:58:57]} 12. Bxg7 {[%clk 1:19:17]} Kxg7 {[%clk 0:59:08]} 13. Nf4
{[%clk 1:15:51]} Rab8 {[%clk 0:57:33]} 14. Nfd5 {[%clk 1:06:26]} b4
{[%clk 0:55:42]} 15. Ne2 {[%clk 1:01:03]} Nxd5 {[%clk 0:48:10]} 16. exd5
{[%clk 0:58:11]} Ne5 {[%clk 0:46:59]} 17. Nc1 {[%clk 0:56:37]} Rfc8
{[%clk 0:42:06]} 18. g4 {[%clk 0:52:20]} Nxf3 {[%clk 0:39:51]} 19. Qg2
{[%clk 0:50:05]} Ne5 {[%clk 0:40:09]} 20. Be2 {[%clk 0:48:52]} Rc7
{[%clk 0:34:55]} 21. Nb3 {[%clk 0:47:11]} Qb6 {[%clk 0:32:10]} 22. h4
{[%clk 0:45:56]} Rbc8 {[%clk 0:31:05]} 23. Rc1 {[%clk 0:43:47]} Nc4
{[%clk 0:27:51]} 24. h5 {[%clk 0:41:13]} g5 {[%clk 0:23:49]} 25. h6+
{[%clk 0:40:06]} Kg8 {[%clk 0:23:59]} 26. Qh3 {[%clk 0:37:43]} a5
{[%clk 0:18:11]} 27. Qh5 {[%clk 0:37:29]} f6 {[%clk 0:17:44]} 28. Bd3
{[%clk 0:37:20]} Ne5 {[%clk 0:17:55]} 29. Bf5 {[%clk 0:36:37]} Bxf5
{[%clk 0:17:40]} 30. gxf5 {[%clk 0:36:14]} a4 {[%clk 0:17:13]} 31. Nd2
{[%clk 0:35:19]} Qd4 {[%clk 0:15:50]} 32. Rhd1 {[%clk 0:33:56]} a3
{[%clk 0:15:12]} 33. Nb3 {[%clk 0:33:26]} Qxb2# {[%clk 0:15:35]} 0-1

[Event "EUCC 2023 - U12"]
[Site "Kouty nad Desnou"]
[Date "2023.08.16"]
[Round "1.9"]
[White "Ge, Charlene"]
[Black "Kozdon, Marek"]
[Result "1/2-1/2"]
[BlackElo "1233"]
[WhiteElo "1598"]
[LiveChessVersion "1.4.8"]

1. e4 {[%clk 1:30:57]} c5 {[%clk 1:30:48]} 2. c3 {[%clk 1:31:17]} d5
{[%clk 1:30:52]} 3. exd5 {[%clk 1:31:41]} Qxd5 {[%clk 1:30:45]} 4. d4
{[%clk 1:32:05]} e6 {[%clk 1:30:53]} 5. Nf3 {[%clk 1:32:27]} Nf6 {[%clk 1:30:47]}
6. Be3 {[%clk 1:32:23]} cxd4 {[%clk 1:30:36]} 7. Qxd4 {[%clk 1:31:23]} Qxd4
{[%clk 1:29:24]} 8. Nxd4 {[%clk 1:30:54]} a6 {[%clk 1:26:44]} 9. h3
{[%clk 1:29:50]} Be7 {[%clk 1:24:57]} 10. Bd3 {[%clk 1:28:02]} Bd7
{[%clk 1:23:07]} 11. Nd2 {[%clk 1:24:20]} Nc6 {[%clk 1:20:48]} 12. N2b3
{[%clk 1:08:43]} Rc8 {[%clk 1:13:43]} 13. O-O {[%clk 1:06:45]} O-O
{[%clk 1:12:02]} 14. f4 {[%clk 1:03:08]} Nd5 {[%clk 1:06:36]} 15. Nxc6
{[%clk 1:02:31]} Bxc6 {[%clk 1:05:41]} 16. Bd4 {[%clk 0:58:28]} Bf6
{[%clk 1:04:33]} 17. Rae1 {[%clk 0:54:29]} Rfd8 {[%clk 0:59:32]} 18. Bxf6
{[%clk 0:30:04]} Nxf6 {[%clk 0:59:00]} 19. Rd1 {[%clk 0:28:23]} Nd5
{[%clk 0:53:45]} 20. Rf2 {[%clk 0:21:24]} Ne3 {[%clk 0:50:50]} 21. Rdd2
{[%clk 0:21:16]} h6 {[%clk 0:49:03]} 22. Rfe2 {[%clk 0:17:31]} Nd5
{[%clk 0:48:19]} 23. g3 {[%clk 0:17:34]} Kf8 {[%clk 0:46:20]} 24. Na5
{[%clk 0:16:46]} Nb6 {[%clk 0:42:06]} 25. Nxc6 {[%clk 0:16:15]} Rxc6
{[%clk 0:40:20]} 26. Be4 {[%clk 0:16:15]} Rxd2 {[%clk 0:39:06]} 27. Rxd2
{[%clk 0:16:43]} Rc7 {[%clk 0:39:25]} 28. Rd8+ {[%clk 0:12:24]} Ke7
{[%clk 0:39:13]} 29. Rb8 {[%clk 0:12:26]} Nd5 {[%clk 0:38:49]} 30. Bxd5
{[%clk 0:11:39]} exd5 {[%clk 0:38:53]} 31. Kf2 {[%clk 0:11:52]} Kd6
{[%clk 0:37:45]} 32. Rd8+ {[%clk 0:10:04]} Ke6 {[%clk 0:36:32]} 33. Ke3
{[%clk 0:09:48]} Rc4 {[%clk 0:36:27]} 34. Rb8 {[%clk 0:08:48]} Rc7
{[%clk 0:36:36]} 35. Kd3 {[%clk 0:07:58]} Kd6 {[%clk 0:35:21]} 36. Rd8+
{[%clk 0:07:55]} Ke6 {[%clk 0:34:23]} 37. b3 {[%clk 0:07:38]} Rd7
{[%clk 0:33:56]} 38. Rxd7 {[%clk 0:06:33]} Kxd7 {[%clk 0:34:16]} 39. Kd4
{[%clk 0:05:55]} Kd6 {[%clk 0:34:16]} 40. g4 {[%clk 0:04:31]} f6 {[%clk 0:32:57]}
41. f5 {[%clk 0:04:11]} b6 {[%clk 0:32:14]} 42. a4 {[%clk 0:02:16]} b5
{[%clk 0:31:40]} 43. a5 {[%clk 0:01:54]} Kc6 {[%clk 0:32:01]} 44. b4
{[%clk 0:01:45]} Kd6 {[%clk 0:32:19]} 45. h4 {[%clk 0:02:06]} Kc6
{[%clk 0:32:37]} 46. Ke3 {[%clk 0:01:13]} Kd6 {[%clk 0:32:46]} 47. Kf4
{[%clk 0:01:37]} d4 {[%clk 0:29:58]} 48. cxd4 {[%clk 0:01:52]} Kd5
{[%clk 0:30:20]} 49. Ke3 {[%clk 0:01:59]} Kc4 {[%clk 0:30:41]} 50. Ke4
{[%clk 0:02:14]} Kxb4 {[%clk 0:31:01]} 51. d5 {[%clk 0:02:43]} Kc5
{[%clk 0:31:20]} 52. h5 {[%clk 0:00:50]} b4 {[%clk 0:31:08]} 53. d6
{[%clk 0:01:08]} b3 {[%clk 0:31:16]} 54. d7 {[%clk 0:01:19]} b2 {[%clk 0:31:33]}
55. d8=Q {[%clk 0:01:43]} b1=Q+ {[%clk 0:31:50]} 56. Ke3 {[%clk 0:01:54]} Qe1+
{[%clk 0:32:06]} 57. Kf3 {[%clk 0:02:04]} Qf1+ {[%clk 0:32:00]} 58. Ke3
{[%clk 0:02:23]} Qg1+ {[%clk 0:31:02]} 59. Kf3 {[%clk 0:02:41]} Qf1+
{[%clk 0:30:59]} 1/2-1/2